000 00411nam a2200169Ia 4500
008 230524s9999 xx 000 0 und d
020 _a8170089913
082 _bRAJ
100 _aR.K.Rajput
245 2 _aA Text Book of Automobile Engineering
250 _a2
260 _aNew Delhi
_bLaxmi Publi.
_c2015
300 _a"XIII,984p;"
500 _aQuantity Number: 1
650 _aMechanics
942 _cBK
999 _c57704
_d57704